A Kőműves Kelemenné-parafrázis értelmezési lehetőségei Sarkadi Imre műveiben

Elmentve itt :
Bibliográfiai részletek
Szerző: Kun Violetta
További közreműködők: Cserjés Katalin (Témavezető)
Dokumentumtípus: Szakdolgozat
Megjelent: 2003
Tárgyszavak:
Online Access:http://diploma.bibl.u-szeged.hu/43015
LEADER 00581nta a2200157 i 4500
001 dipl43015
005 20140723144315.0
008 140722s2003 hu om 0|| zxx d
040 |a SZTE Diploma Repozitórium  |b hun 
041 |a zxx 
100 1 |a Kun Violetta 
245 1 2 |a A Kőműves Kelemenné-parafrázis értelmezési lehetőségei Sarkadi Imre műveiben  |h [elektronikus dokumentum] /  |c Violetta Kun 
260 |c 2003 
650 4 |a Bölcsészettudományok 
700 1 |a Cserjés Katalin  |e ths 
856 4 0 |u http://diploma.bibl.u-szeged.hu/id/eprint/43015/1/2003_kun_violetta.pdf  |z Dokumentum-elérés